Missing ROY G BIV Colors Quiz Stats

 Plays Quiz Updated Sep 17, 2018

Support Sporcle.
Go Orange.
Score 0/28 Timer 04:00
0 Plays Today
% Correct
Blue
90.3%
Yellow
89.6%
Orange
89.4%
Yellow
89.1%
Green
88%
Blue
87.5%
Red
86%
Green
86%
Orange
85%
Green
84.5%
Yellow
83.6%
Green
79.6%
Violet
78.6%
Violet
76.7%
% Correct
Blue
75.5%
Yellow
74.9%
Blue
71.9%
Red
71.2%
Violet
68%
Indigo
63.7%
Red
61.1%
Red
52.8%
Orange
52.2%
Orange
47.5%
Indigo
41.4%
Indigo
28.7%
Indigo
28.7%
Violet
15.5%

You're not logged in!

Compare scores with friends on all Sporcle quizzes.
OR
Log In

From the Vault

UEFA Champions League Winners

by Matt

Originally called the European Cup, the Champions League is an annual competition facing off the top clubs in Europe. Unsurprisingly, Italy, Spain and England dominate this continental fracas.
Remove Ads.
Support Sporcle.
Get the best of Sporcle when you Go Orange. This ad-free experience offers more features, more stats, and more fun while also helping to support Sporcle. Thank you for becoming a member.

Show Comments

Extras

Top Quizzes Today


Score Distribution

Your Account Isn't Verified!

In order to create a playlist on Sporcle, you need to verify the email address you used during registration. Go to your Sporcle Settings to finish the process.

Report this User

Report this user for behavior that violates our Community Guidelines.

Details: